00334nam a2200109Ia 4500008004100000082001500041100001400056245003600070942000600106952009700112999001500209240331s9999 xx 000 0 und d a300.7bBAB aBabbie, E 4aThe practice of social research cL 001040708LaWERCLbWERCLcSSCd2024-03-31l0o 300.7 BABp2481r2024-03-31w2024-03-31yL c1072d1072